A LIVVO Hotel social média márketingjének felépítése és működése
| Main Author: | |
|---|---|
| Other Authors: | |
| Format: | Project work |
| Kulcsszavak: | branding digitális média Kanári-szigetek szállodaipar turizmus |
| Online Access: | http://dolgozattar.uni-bge.hu/60148 |
MARC
| LEADER | 00000nnm a2200000 i 4500 | ||
|---|---|---|---|
| 001 | dolg60148 | ||
| 005 | 20260409150043.0 | ||
| 008 | 260409suuuu hu o 000 hun d | ||
| 040 | |a BGE Dolgozattár Repozitórium |b hun | ||
| 041 | |a hu | ||
| 100 | 1 | |a Bodnár István Benedek | |
| 245 | 1 | 2 | |a A LIVVO Hotel social média márketingjének felépítése és működése |c Bodnár István Benedek |h [elektronikus dokumentum] |
| 516 | |a Project_work | ||
| 520 | 3 | |a Szakdolgozatomban a LIVVO Hotel Group közösségi média marketingjét vizsgáltam, különös tekintettel a Hotel LIVVO Risco del Gato Suites szálloda online jelenlétére. A téma iránti érdeklődésemet egyrészt a turizmusmarketing tanulmányaim során szerzett elméleti alapok, másrészt a személyes tapasztalataim alapozták meg, amelyeket a szakmai gyakorlatom során szereztem a szállodalánc egyikszállodájában , Fuerteventurán. A dolgozat célja az volt, hogy feltárjam, hogyan használja a szállodalánc a különböző közösségimédia-platformokat márkaépítésre, vendégszerzésre és a célcsoporttal való kapcsolattartásra. Dolgozatom első részében bemutattam a szakmai gyakorlatomat, amely során a szálloda front office és food & beverage részlegein dolgoztam. Ezt követően szakirodalmi áttekintésen keresztül foglaltam össze a social media marketing szerepét a szállodaiparban, kitérve az online vélemények, a vizuális tartalom, valamint az influencer marketing jelentőségére. A gyakorlati részben részletes elemzést készítettem a LIVVO Hotel Group hivatalos weboldaláról és közösségimédia-felületeiről (Instagram, Facebook, TikTok, YouTube), valamint kiemelten vizsgáltam a Hotel LIVVO Risco del Gato Suites megjelenését ezekben a csatornákban. Elemzésem alapján megállapítható, hogy a LIVVO Hotel Group digitális marketingje vizuálisan igényes, egységes és professzionális, különösen az Instagram és a weboldal tekintetében. Ugyanakkor hiányosságokat is azonosítottam, például a TikTok és YouTube felületek alacsony aktivitását, valamint a vendégekkel való online interakció korlátozottságát. A Risco del Gato Suites különleges adottságai – mint az egyedi építészeti kialakítás, nyugodt környezet és prémium szolgáltatások – indokolttá tennék egy saját közösségi média jelenlét kialakítását, amely személyesebb hangvétellel tudná megszólítani a célcsoportot. A dolgozatomban javaslatokat is megfogalmaztam a social media stratégia fejlesztésére, beleértve az influencerekkel való együttműködéseket, a felhasználói tartalmak ösztönzését, valamint interaktív elemek – például kérdezz-felelek, szavazások, nyereményjátékok – bevezetését. Úgy vélem, hogy ezek az irányok hozzájárulhatnak a vendégek lojalitásának erősítéséhez, a márkaismertség növeléséhez, valamint ahhoz, hogy a LIVVO Hotel Group még sikeresebben tudjon alkalmazkodni a gyorsan változó digitális trendekhez. | |
| 695 | |a branding | ||
| 695 | |a digitális média | ||
| 695 | |a Kanári-szigetek | ||
| 695 | |a szállodaipar | ||
| 695 | |a turizmus | ||
| 700 | 1 | |a Horváth Vanda |e ths | |
| 856 | 4 | 0 | |u http://dolgozattar.uni-bge.hu/60148/1/LIVVO%20Hotel%20Group%20social%20me%CC%81dia%20marketingje%CC%81nek%20fele%CC%81pi%CC%81te%CC%81se%20e%CC%81s%20mu%CC%8Bko%CC%88de%CC%81se-1.pdf |z Dokumentum-elérés |
| 856 | 4 | 0 | |u http://dolgozattar.uni-bge.hu/60148/2/B%C3%ADr%C3%A1lati%20lap_FOSZK_Bodn%C3%A1rIstvanBenedek_HV.pdf |z Dokumentum-elérés |